Welcome to the Holygrace Academy Library

Please use search bar below to get started

ORU THERUVINTE KATHA (Record no. 6791)

MARC details
000 -LEADER
fixed length control field 00689nam a22001577a 4500
020 ## - INTERNATIONAL STANDARD BOOK NUMBER
ISBN 81-7130-579-2
082 ## - DEWEY DECIMAL CLASSIFICATION NUMBER
Classification number 894.812.3
Item number POT/O
100 ## - MAIN ENTRY--AUTHOR NAME
Personal name POTTEKKATT, S.K
245 ## - TITLE STATEMENT
Title ORU THERUVINTE KATHA
246 ## - VARYING FORM OF TITLE
Title proper/short title ORU THERUVINTE KATHA
Remainder of title ORU THERUVINTE KATHA
260 ## - PUBLICATION, DISTRIBUTION, ETC. (IMPRINT)
Place of publication KOTTAYAM
Name of publisher DC BOOKS
Year of publication 2023
300 ## - PHYSICAL DESCRIPTION
Number of Pages 360
520 ## - SUMMARY, ETC.
Summary, etc It is mostly through the eyes of Kuruppu that the novel unfolds. Kuruppu is shown as struggling to make ends meet and having difficulty in paying for the upkeep of his daughter, Radha. In this he is helped to an extent by 'Omanji' or Lazar who is fond of Radha and shares her interest in the growing of rose shrubs.
650 ## - SUBJECT ADDED ENTRY--TOPICAL TERM
Topical Term MALAYALAM NOVEL
942 ## - ADDED ENTRY ELEMENTS (KOHA)
Koha item type Books
Holdings
Withdrawn status Lost status Collection code Home library Current library Shelving location Date acquired Source of acquisition Cost, normal purchase price Full call number Accession Number Koha item type
    Fiction Main Library Main Library NEW SHELF WITH NEW ENTRY 27/09/2023 Purchase 399.00 894.812.3 POT/O 12864 Books